[Event "Irkutsk-ch op"]
[Site "Irkutsk"]
[Date "2016.02.28"]
[Round "6"]
[White "Prokhorov, Yury"]
[Black "Sorokovikov, Vasily"]
[Result "1-0"]
[WhiteElo "1744"]
[BlackElo "1583"]
[PlyCount "61"]
[EventDate "2016.02.13"]
[EventType "swiss"]
[EventRounds "9"]
[EventCountry "RUS"]
[SourceTitle "EXT 2018"]
[Source "ChessBase"]
[SourceDate "2017.10.13"]
[SourceVersion "1"]
[SourceVersionDate "2017.10.13"]
[SourceQuality "1"]

1. d4 Nf6 2. c4 e6 3. Nf3 b6 4. g3 Bb7 5. Bg2 Be7 6. 0-0 0-0 7. Nbd2 d5 8. Qc2 h6 9. Ne5 Nc6 10. cxd5 Nxd5 11. Nxc6 Qd6 12. Nxe7+ Qxe7 13. a3 c6 14. b4 Rad8 15. Bb2 Qc7 16. Rad1 Rd7 17. e4 Ne7 18. e5 Nd5 19. Ne4 Ba6 20. Rfe1 Bb7 21. Qe2 Ne7 22. Qg4 Kh7 23. Bc1 Nf5 24. Qh3 Qd8 25. g4 Rxd4 26. Rxd4 Nxd4 27. Nf6+ gxf6 28. Qxh6+ Kg8 29. exf6 Ne2+ 30. Rxe2 Qd1+ 31. Bf1 1-0